Boris Podrecca /

Bibliographic Details
Main Author: Podrecca, Boris, 1940-
Corporate Authors: Harvard University. Graduate School of Design, Gund Hall Gallery (Cambridge, Mass.)
Other Authors: Wang, Wilfried
Format: Book
Language:English
Published: Cambridge, MA : New York : Harvard University, Graduate School of Design ; Rizzoli, 1987.
Subjects:

MARC

Tag First Indicator Second Indicator Subfields
LEADER 00000cam a2200000 a 4500
001 in00000012090
005 20151007051746.0
008 870909s1987 maua bc 00010 eng
010 |a  87080604  
035 |a (OCoLC)17480884 
035 |9 AAA4641AM 
040 |a DLC  |c DLC  |d TXA  |d UtOrBLW 
043 |a e-au--- 
049 |a TXAM  |c [A12621893] 
050 0 0 |a NA1011.5.P63  |b A4 1987 
082 0 |a 720/.92/4  |2 19 
100 1 |a Podrecca, Boris,  |d 1940- 
245 1 0 |a Boris Podrecca /  |c foreword by José Rafael Moneo ; essay by Wilfried Wang. 
264 1 |a Cambridge, MA :  |b Harvard University, Graduate School of Design ;  |a New York :  |b Rizzoli,  |c 1987. 
300 |a 67 pages :  |b illustrations (some color) ;  |c 28 cm. 
336 |a text  |b txt  |2 rdacontent 
337 |a unmediated  |b n  |2 rdamedia 
338 |a volume  |b nc  |2 rdacarrier 
500 |a "Published in connection with an exhibition of work by Boris Podrecca ... at the Gund Hall Gallery, April 1987"--P. 4. 
504 |a Bibliography: page 65. 
600 1 0 |a Podrecca, Boris,  |d 1940-  |v Exhibitions. 
650 0 |a Architecture  |z Austria  |x History  |y 20th century  |v Exhibitions. 
700 1 |a Wang, Wilfried. 
710 2 |a Harvard University.  |b Graduate School of Design. 
710 2 |a Gund Hall Gallery (Cambridge, Mass.) 
999 |a MARS 
999 f f |s 5e98a94e-50dd-38f0-841a-968e2f077b42  |i 1ee9d48c-f956-353c-85b2-e0b62bc6dc8b  |t 0 
952 f f |p ric  |a Texas A&M University  |b Rellis Campus  |c Joint Library Facility  |d Remote Storage  |t 0  |e NA1011.5.P63 A4 1987  |h Library of Congress classification  |i unmediated -- volume  |m A14812621893 
998 f f |a NA1011.5.P63 A4 1987  |t 0  |l Remote Storage